Argentina la democracia de masas /

Saved in:
Bibliographic Details
Main Author: Halperín Donghi, Tulio
Format: Book
Language:English
Published: Buenos Aires : Editorial Pardos, [1973?].
Series:Coleccion historia Argentina ; 7.
Subjects:
LEADER 00946nam a2200253 i 4500
001 c000252533
003 CARM
005 00000000000000.0
008 840828s1973 ag 0 eng d
019 1 |a 41553445  |5 LACONCORD2021 
035 |a (OCoLC)225472121  |5 LACONCORD2021 
043 |a s-ag--- 
082 0 4 |a 320.98206 
100 2 |a Halperín Donghi, Tulio. 
245 1 0 |a Argentina la democracia de masas /  |c [por] Tulio Halperin Donghi. 
260 |a Buenos Aires :  |b Editorial Pardos,  |c [1973?]. 
300 |a 171 p. :  |b ill. 
490 1 |a Historia Argentina ;  |v 7 
504 |a Bibliography: p.163-164. 
651 0 |a Argentina  |x Politics and government  |y 1943- 
830 0 |a Coleccion historia Argentina ;  |v 7. 
852 8 |b CARM  |h A1:AP11G0  |i C08877  |p 0335970  |f BK 
999 f f |i da93ba85-185c-5d62-a2fe-df451c3f96fc  |s fc92aa88-3a1c-5edf-990a-13839d164e1a 
952 f f |p Can circulate  |a CAVAL  |b CAVAL  |c CAVAL  |d CARM 1 Store  |e C08877  |f A1:AP11G0  |h Other scheme  |i book  |m 0335970